000 00531nam a2200193Ia 4500
005 20260120130304.0
008 008 260114s9999 xx 000 0 eng d
020 _a9780191600210
037 _aEBOOK
040 _aCRL
_beng
_cCRL
041 _aeng
_2eng
084 _qCRL
100 _aSchmidt
_9913234
245 4 _aThe Futures of European Capitalism
260 _bOxford University PressOxford University Press
_c2003
856 _uhttps://academic.oup.com/book/9931
942 _cEBOOK
999 _c1505133
_d1505133